书目信息 |
| 题名: |
新视野大学英语读写教程名师陪读
|
|
| 作者: | 王鸣 , 苑春鸣 主编 | |
| 分册: | 1 | |
| 出版信息: | 天津 天津大学出版社 2007.09 |
|
| 页数: | 293页 | |
| 开本: | 26cm | |
| 丛书名: | ||
| 单 册: | ||
| 中图分类: | H319.4 | |
| 科图分类: | ||
| 主题词: | 英语--ying yu--阅读教学--高等学校--教学参考资料 | |
| 电子资源: | ||
| ISBN: | 978-7-5618-2544-0 | |
| 000 | 00884nam0 2200241 450 | |
| 001 | 012007972901 | |
| 005 | 20071227083714.76 | |
| 010 | @a978-7-5618-2544-0@dCNY25.00 | |
| 100 | @a20071227d2007 km y0chiy0120 ea | |
| 101 | 0 | @achi@aeng |
| 102 | @aCN@b120000 | |
| 105 | @ay z 000yy | |
| 106 | @ar | |
| 200 | 1 | @a新视野大学英语读写教程名师陪读@Axin shi ye da xue ying yu du xie jiao cheng ming shi pei du@h1@f王鸣, 苑春鸣主编@Fwang ming,yuan chun ming zhu bian |
| 210 | @a天津@c天津大学出版社@d2007.09 | |
| 215 | @a293页@d26cm | |
| 330 | @a本书共分10个单元,各单元针对原文中知识点选用了大量大学英语四、六级考试历年典型考题作了例证和练习。 | |
| 606 | 0 | @a英语@Aying yu@x阅读教学@x高等学校@j教学参考资料 |
| 690 | @aH319.4@v4 | |
| 701 | 0 | @a王鸣@Awang ming@4主编 |
| 701 | 0 | @a苑春鸣@Ayuan chun ming@4主编 |
| 801 | 0 | @aCN@bQSSK@c20071227 |
| 905 | @b272561-63@dH319.4@eW282:1@f3 | |
| 新视野大学英语读写教程名师陪读.1/王鸣, 苑春鸣主编.-天津:天津大学出版社,2007.09 |
| 293页;26cm |
| ISBN 978-7-5618-2544-0:CNY25.00 |
| 本书共分10个单元,各单元针对原文中知识点选用了大量大学英语四、六级考试历年典型考题作了例证和练习。 |
| ● |
| 相关链接 |
|
|
|
正题名:新视野大学英语读写教程名师陪读
索取号:H319.4/W282:1
 
预约/预借
| 序号 | 登录号 | 条形码 | 馆藏地/架位号 | 状态 | 备注 |
| 1 | 272561 | 202725612 | 语言库209/209语言库 49排1列5层/ [索取号:H319.4/W282:1] | 在馆 | |
| 2 | 272562 | 202725621 | 语言库209/209语言库 49排1列5层/ [索取号:H319.4/W282:1] | 在馆 | |
| 3 | 272563 | 202725630 | 语言库209/209语言库 49排1列5层/ [索取号:H319.4/W282:1] | 在馆 |